The Wreck of the Edmund Fitzgerald lyrics - Statistics

General Stats
  • This quiz has been taken 22 times
  • The average score is 332 of 458
Answer Stats
Lyrics % Correct
a
100%
go,
100%
go
100%
it
100%
Of
100%
of
100%
or
100%
The
100%
the
100%
to
100%
dead
93%
Edmund
93%
Fitzgerald
93%
from
93%
He
93%
he
93%
is
93%
on
93%
said,
93%
Then
93%
they
93%
They
93%
When
93%
when
93%
and
87%
And
87%
be
87%
big
87%
call
87%
call,
87%
captain
87%
Chippewa
87%
crew
87%
down
87%
empty
87%
gives
87%
good
87%
her
87%
in
87%
In
87%
in,
87%
iron
87%
lake
87%
Lake
87%
lives
87%
more
87%
never
87%
November
87%
than
87%
up
87%
weighed
87%
for
80%
For
80%
gales
80%
legend
80%
ore,
80%
tons
80%
wave
80%
what
80%
come
73%
it's
73%
load
73%
made
73%
man
73%
ship
73%
wind
73%
With
73%
with
73%
wreck
73%
been
67%
came
67%
came,
67%
Came
67%
Cleveland
67%
early
67%
feed
67%
goes
67%
had
67%
have
67%
If
67%
left
67%
love
67%
Michigan
67%
say
67%
sound
67%
they'd
67%
turn
67%
was
67%
well
67%
are
60%
At
60%
Bay
60%
behind
60%
bell
60%
bigger
60%
cook
60%
face
60%
'Fellas,
60%
"Fellas,
60%
gloomy
60%
know
60%
miles
60%
most
60%
put
60%
rough
60%
seasoned
60%
side
60%
some
60%
sons
60%
Superior
60%
Superior,
60%
That
60%
that
60%
too
60%
water
60%
waves
60%
where
60%
Whitefish
60%
ya"
60%
all
53%
American
53%
anyone
53%
As
53%
as
53%
can
53%
Cathedral
53%
comin'
53%
daughters
53%
Does
53%
fifteen
53%
freighters
53%
God
53%
hours?
53%
knew,
53%
man's
53%
Maritime
53%
may
53%
mill
53%
minutes
53%
over
53%
peril
53%
pride
53%
rang
53%
Sayin',
53%
sportsmen
53%
tattle-tale
53%
thousand
53%
times
53%
went
53%
west
53%
Wisconsin
53%
witch
53%
wives
53%
broke
47%
capsized
47%
Coming
47%
deck
47%
Detroit
47%
did
47%
dreams
47%
each
47%
Erie
47%
every
47%
faces
47%
firms
47%
freezing
47%
fully
47%
'Gitche
47%
Gumee'
47%
hatchway
47%
Huron
47%
islands
47%
lights
47%
loaded
47%
main
47%
mansion
47%
might
47%
names
47%
night
47%
old
47%
Old
47%
Ontario
47%
rain
47%
remains
47%
Sailors'
47%
steams
47%
steel
47%
terms
47%
took
47%
twenty-nine
47%
twenty-six
47%
wired
47%
young
47%
back
40%
bays
40%
below,
40%
boats
40%
bone
40%
caved
40%
chewed
40%
church
40%
Concluding
40%
could
40%
couple
40%
farther
40%
ice-water
40%
late
40%
north
40%
out
40%
railin'
40%
send
40%
sight
40%
skies
40%
slashin'
40%
stealin'
40%
suppertime
40%
Takes
40%
true
40%
wires
40%
breakfast
33%
dawn
33%
feelin'?
33%
hall
33%
later
33%
like
33%
ship's
33%
sings
33%
'Twas
33%
wait
33%
7 p.m.
27%
afternoon
27%
deep
27%
his
27%
hurricane
27%
musty
27%
remembered
27%
searchers
27%
split
27%
chimed
20%
mariners
20%
rooms
20%
prayed
13%
rolls,
13%
'til
13%
No matching quizzes found
Score Distribution
Percent of People with Each Score
Percentile by Number Answered
Your Score History
You have not taken this quiz